[Event "4NCL Division 2a"]
[Site "Daventry, ENG"]
[Date "2020.02.08"]
[Round "5.37"]
[White "Williams, Richard"]
[Black "Burnett, Leon P"]
[Result "0-1"]
[WhiteElo "1922"]
[BlackElo "1819"]
[PlyCount "154"]
[EventDate "2020.02.08"]
[WhiteTeam "Check Innmates"]
[BlackTeam "Anglian Avengers"]

1. d4 Nf6 2. Nc3 e6 3. Bf4 b6 4. e4 Bb4 5. Bd3 Bb7 6. Qe2 d6 7. Nf3 Nbd7 8. a3
Bxc3+ 9. bxc3 Qe7 10. O-O O-O 11. e5 dxe5 12. dxe5 Nh5 13. Bd2 g6 14. Be4 Bxe4
15. Qxe4 f5 16. Qc6 Nc5 17. c4 a5 18. Bg5 Qd7 19. Qxd7 Nxd7 20. Rfd1 Nc5 21.
Be7 Rf7 22. Bxc5 bxc5 23. Rab1 h6 24. Rb5 g5 25. Rxc5 Nf4 26. Kf1 Ng6 27. Ne1
Kf8 28. g3 Ke8 29. Ke2 Rd7 30. Nd3 Ra7 31. f4 Nf8 32. Nb2 Rxd1 33. Nxd1 Kd7 34.
Rb5 Ng6 35. Ke3 Ra8 36. Nc3 Kc6 37. Ne2 Kd7 38. Nd4 Ne7 39. Nb3 Nc6 40. Nc5+
Ke7 41. Rb7 Rc8 42. Na6 Kd7 43. Rb5 Rg8 44. Rb1 Kc8 45. Rd1 gxf4+ 46. gxf4 Rg2
47. Rd2 Rg1 48. Nc5 Nd8 49. a4 Rg6 50. Kf3 Nb7 51. Nb3 Rg1 52. c5 c6 53. Kf2
Rh1 54. Ke3 Re1+ 55. Re2 Rg1 56. Rf2 Kc7 57. Kd2 Kd7 58. Kc3 Rg4 59. Kc4 h5 60.
Nc1 Rg1 61. Nd3 h4 62. Rd2 Kc7 63. Re2 Rg4 64. c3 Rg1 65. Re3 Ra1 66. Kb3 Rg1
67. Kc4 Ra1 68. Kb3 Rg1 69. Re2 Rd1 70. Kc2 Ra1 71. Kb3 Rd1 72. Nb2 Nxc5+ 73.
Kc4 Rd5 74. Rg2 Ne4 75. Nd3 Rd7 76. Rg6 Nd2+ 77. Kc5 Rd5# 0-1

[Event "4NCL Division 2a"]
[Site "Daventry, ENG"]
[Date "2020.02.08"]
[Round "5.38"]
[White "Heffer, Judith"]
[Black "Headlong, Georgia"]
[Result "1-0"]
[WhiteElo "1598"]
[BlackElo "1757"]
[PlyCount "79"]
[EventDate "2020.02.08"]
[WhiteTeam "Anglian Avengers"]
[BlackTeam "Check Innmates"]

1. e4 e5 2. Nf3 Nf6 3. Nxe5 d6 4. Nf3 Nxe4 5. Nc3 Nxc3 6. dxc3 Be7 7. Be2 O-O
8. Be3 Nc6 9. Qd2 Be6 10. O-O-O Ne5 11. Bf4 Bf6 12. h3 Qe8 13. b3 Qc6 14. Nd4
Qc5 15. g4 Bd5 16. Rhg1 Nf3 17. Bxf3 Bxf3 18. Rde1 Qa3+ 19. Kb1 Bxd4 20. cxd4
a5 21. Qc3 Bc6 22. Re7 d5 23. Rge1 a4 24. Qb2 axb3 25. axb3 Qa6 26. Bxc7 Ra7
27. Qc3 Rfa8 28. Kc1 Qa1+ 29. Kd2 Qxc3+ 30. Kxc3 Ra1 31. R1e3 Rc8 32. Kb2 Rd1
33. Rf3 f6 34. g5 Rf8 35. Bd6 Rxd4 36. Rc7 Rd8 37. Bc5 Rh4 38. gxf6 gxf6 39.
Rg3+ Kh8 40. Be7 1-0

[Event "4NCL Division 2a"]
[Site "Daventry, ENG"]
[Date "2020.02.08"]
[Round "5.41"]
[White "Moreby, James"]
[Black "Baker, Chris W"]
[Result "1-0"]
[WhiteElo "2365"]
[BlackElo "2305"]
[PlyCount "139"]
[EventDate "2020.02.08"]
[WhiteTeam "North East England"]
[BlackTeam "The ADs"]

1. d4 Nf6 2. Bf4 d5 3. Nc3 e6 4. e3 Bb4 5. Nge2 a6 6. a3 Be7 7. h3 c5 8. g4 Nc6
9. Bg2 O-O 10. O-O b5 11. Ng3 cxd4 12. exd4 Bb7 13. g5 Ne4 14. Ncxe4 dxe4 15.
Qg4 Qxd4 16. c3 Qc4 17. Nxe4 e5 18. Be3 Rad8 19. a4 Rd3 20. axb5 axb5 21. b3
Qxb3 22. Rfb1 Qc4 23. Nf6+ gxf6 24. Qxc4 bxc4 25. Rxb7 Rb8 26. Bxc6 Rxb7 27.
Ra8+ Kg7 28. gxf6+ Kxf6 29. Bxb7 Rxc3 30. Ra6+ Kf5 31. Bd5 Bg5 32. Bxg5 Kxg5
33. Bxf7 e4 34. Kg2 e3 35. fxe3 Rxe3 36. Bxc4 Rc3 37. Be2 Rc2 38. Kf2 Rb2 39.
Ra5+ Kf6 40. Kf3 Rb3+ 41. Kg4 Rb4+ 42. Kg3 Re4 43. Bf3 Re5 44. Ra6+ Re6 45. Ra8
Kg6 46. Kg4 Kh6 47. Kf5 Rb6 48. Ra7 Rf6+ 49. Kg4 Rg6+ 50. Kf4 Rf6+ 51. Ke3 Rg6
52. Be4 Rg7 53. Ra6+ Kg5 54. Kf3 Kh4 55. Kf4 h5 56. Bf5 Rb7 57. Ke5 Rb4 58. Kf6
Rc4 59. Kg6 Rb4 60. Rf6 Rf4 61. Be6 Re4 62. Bf5 Rf4 63. Re6 Kg3 64. Re3+ Kh4
65. Re5 Rf3 66. Be6 Rg3+ 67. Kh6 Rc3 68. Rxh5+ Kg3 69. Rg5+ Kf4 70. Rg6 1-0

[Event "4NCL Division 2a"]
[Site "Daventry, ENG"]
[Date "2020.02.08"]
[Round "5.42"]
[White "Wheeler, Darren P"]
[Black "Taylor, Adam A"]
[Result "1/2-1/2"]
[WhiteElo "2327"]
[BlackElo "2282"]
[PlyCount "51"]
[EventDate "2020.02.08"]
[WhiteTeam "The ADs"]
[BlackTeam "North East England"]

1. e4 c5 2. f4 d5 3. Nc3 d4 4. Nce2 Nc6 5. Nf3 Nf6 6. d3 g6 7. h3 Bg7 8. g4 h5
9. g5 Ng8 10. Bg2 e5 11. O-O Nge7 12. fxe5 Nxe5 13. Nf4 Qd6 14. Nd5 Nxd5 15.
exd5 O-O 16. Bf4 Bf5 17. Nh4 Bd7 18. Qe1 Rae8 19. Qg3 Re7 20. Rae1 Rfe8 21. Re2
Bc8 22. Rfe1 b5 23. Nf3 Nxf3+ 24. Bxf3 Rxe2 25. Rxe2 Qd7 26. Rxe8+ 1/2-1/2

[Event "4NCL Division 2a"]
[Site "Daventry, ENG"]
[Date "2020.02.08"]
[Round "5.43"]
[White "Coathup, Roger H"]
[Black "Richardson, John R"]
[Result "1-0"]
[WhiteElo "2237"]
[BlackElo "2275"]
[PlyCount "119"]
[EventDate "2020.02.08"]
[WhiteTeam "North East England"]
[BlackTeam "The ADs"]

1. d4 Nf6 2. Nf3 e6 3. e3 b6 4. Bd3 Bb7 5. O-O Be7 6. c4 O-O 7. Nc3 d5 8. cxd5
exd5 9. b3 Ne4 10. Bb2 Nd7 11. Qe2 a6 12. Rac1 Bd6 13. Qc2 Re8 14. Ne2 c5 15.
Ng3 g6 16. Rfd1 Qe7 17. dxc5 Ndxc5 18. Nxe4 dxe4 19. Qc3 f6 20. Bc4+ Kg7 21.
Qxf6+ Qxf6 22. Bxf6+ Kxf6 23. Rxd6+ Ke7 24. Rxb6 exf3 25. b4 fxg2 26. bxc5 Bc8
27. Bd5 Ra7 28. Bxg2 Rf8 29. f4 Rc7 30. Be4 Rd8 31. Rc2 Rd1+ 32. Kf2 Ra1 33. h4
a5 34. h5 Be6 35. hxg6 hxg6 36. Ra6 Bf5 37. Bxf5 gxf5 38. Rxa5 Rh1 39. Rc3 Rb7
40. Kg2 Rbb1 41. c6 Rbf1 42. Rxf5 Rhg1+ 43. Kh2 Rh1+ 44. Kg3 Rhg1+ 45. Kh4 Rf2
46. e4 Rh2+ 47. Rh3 Rxa2 48. Rg5 Rf1 49. Kg4 Raf2 50. Rf5 Rg2+ 51. Rg3 Rc2 52.
Re5+ Kf7 53. Ra3 Rxc6 54. Ra7+ Kf6 55. Rf5+ Ke6 56. Rg5 Rg1+ 57. Kh5 Rxg5+ 58.
Kxg5 Rc1 59. f5+ Kd6 60. Kf6 1-0

[Event "4NCL Division 2a"]
[Site "Daventry, ENG"]
[Date "2020.02.08"]
[Round "5.44"]
[White "Snape, Ian L"]
[Black "Oswald, Graeme E"]
[Result "1/2-1/2"]
[WhiteElo "2237"]
[BlackElo "2152"]
[PlyCount "71"]
[EventDate "2020.02.08"]
[WhiteTeam "The ADs"]
[BlackTeam "North East England"]

1. e4 c5 2. Nc3 Nc6 3. Nf3 e6 4. d4 cxd4 5. Nxd4 d6 6. Be3 a6 7. Bc4 Bd7 8. Qe2
b5 9. Bb3 Nf6 10. Nxc6 Bxc6 11. f3 Be7 12. O-O-O Nd7 13. Qf2 a5 14. a4 b4 15.
Ne2 O-O 16. Nd4 Qc8 17. Kb1 Nc5 18. Nxc6 Qxc6 19. Bxc5 dxc5 20. Qe2 Rab8 21. f4
Rfc8 22. Qc4 Qc7 23. g3 g6 24. Rd3 Rd8 25. Rhd1 Rxd3 26. Rxd3 Rd8 27. Rxd8+
Bxd8 28. Qd3 Bf6 29. e5 Be7 30. Qe4 Kg7 31. Ka2 Qd7 32. g4 Bd8 33. Qd3 Qxd3 34.
cxd3 g5 35. f5 Bc7 36. fxe6 1/2-1/2

[Event "4NCL Division 2a"]
[Site "Daventry, ENG"]
[Date "2020.02.08"]
[Round "5.45"]
[White "Dunn, Andrew"]
[Black "Ahluwalia, Amardip"]
[Result "1/2-1/2"]
[WhiteElo "2110"]
[BlackElo "2230"]
[PlyCount "172"]
[EventDate "2020.02.08"]
[WhiteTeam "North East England"]
[BlackTeam "The ADs"]

1. d4 Nf6 2. c4 g6 3. Nc3 d5 4. Nf3 Bg7 5. Qb3 dxc4 6. Qxc4 O-O 7. e4 a6 8. Be2
b5 9. Qb3 c5 10. dxc5 Be6 11. Qc2 Qc7 12. Be3 Nc6 13. Nd4 Nxd4 14. Bxd4 Rfd8
15. Be3 b4 16. Na4 Rab8 17. O-O Qc6 18. b3 Nxe4 19. Bf3 Bd5 20. Rad1 Nc3 21.
Bxd5 Nxd5 22. Qe4 e6 23. Bf4 Rb5 24. Bd6 Qc8 25. Be5 Bf8 26. Rc1 Qc6 27. Rc4
Rc8 28. Rfc1 Bh6 29. Rd1 Bf8 30. Bd4 Bg7 31. Bxg7 Kxg7 32. Qe5+ Kg8 33. Qe4 a5
34. h4 h5 35. Re1 Nf6 36. Qxc6 Rxc6 37. Rd1 Nd5 38. g3 Kf8 39. Kg2 Ke7 40. Rd3
Nf6 41. Rcd4 Rb7 42. Rd8 Nd7 43. Ra8 Nxc5 44. Nxc5 Rxc5 45. Rd2 Rbc7 46. Kf3
Rf5+ 47. Ke2 Kf6 48. Ra6 Re5+ 49. Kf1 Rec5 50. Kg2 Rf5 51. Re2 Rd5 52. Rb2 Kf5
53. Re2 e5 54. Ra8 f6 55. Re8 Rdc5 56. Ra8 Rc8 57. Ra7 Ke6 58. Rd2 R8c6 59. Ra8
Kf5 60. Re2 Rd6 61. Ra7 g5 62. hxg5 fxg5 63. Rh7 Kg6 64. Re7 Kf5 65. Rh7 Rdc6
66. Rf7+ Kg6 67. Re7 Kf6 68. Re8 Rd5 69. Rh8 Rcd6 70. Rf8+ Kg6 71. Rg8+ Kf5 72.
Rf8+ Rf6 73. Rh8 Kg6 74. Rg8+ Kf5 75. Rh8 h4 76. gxh4 g4 77. Rc2 Rd4 78. Ra8
Rd5 79. Rg8 Rg6 80. Rf8+ Ke4 81. Re8 Rgd6 82. Re2+ Kf5 83. Rf8+ Rf6 84. Rg8 Rg6
85. Rf8+ Rf6 86. Rg8 Rg6 1/2-1/2

[Event "4NCL Division 2a"]
[Site "Daventry, ENG"]
[Date "2020.02.08"]
[Round "5.46"]
[White "Tombolis, Christopher"]
[Black "Henderson, David"]
[Result "0-1"]
[WhiteElo "2072"]
[BlackElo "2087"]
[PlyCount "72"]
[EventDate "2020.02.08"]
[WhiteTeam "The ADs"]
[BlackTeam "North East England"]

1. d4 d5 2. c4 e6 3. Nc3 Be7 4. Nf3 Nf6 5. Bg5 O-O 6. e3 h6 7. Bh4 b6 8. Bxf6
Bxf6 9. cxd5 exd5 10. h3 c5 11. Rc1 Be6 12. Bd3 Nc6 13. Bb1 Rc8 14. O-O cxd4
15. exd4 Qd6 16. Re1 Rfe8 17. Qd3 g6 18. Qd2 Kg7 19. Ne2 Na5 20. b3 Nc6 21. Nf4
Bd7 22. g3 Bg5 23. Nxg5 hxg5 24. Nh5+ Kh6 25. h4 f6 26. hxg5+ fxg5 27. Kg2 Rxe1
28. Rxe1 gxh5 29. Qd3 Rh8 30. Rh1 Kg7 31. Qd1 Qf6 32. Rxh5 Rxh5 33. Qxh5 Bf5
34. Bxf5 Qxf5 35. f4 Qe4+ 36. Kh2 Qh7 0-1

[Event "4NCL Division 2a"]
[Site "Daventry, ENG"]
[Date "2020.02.08"]
[Round "5.47"]
[White "Malola, Prasath.T.S"]
[Black "Bellin, Jana M"]
[Result "1/2-1/2"]
[WhiteElo "2110"]
[BlackElo "2087"]
[PlyCount "109"]
[EventDate "2020.02.08"]
[WhiteTeam "North East England"]
[BlackTeam "The ADs"]

1. f4 Nf6 2. Nf3 d6 3. b3 g6 4. Bb2 Bg7 5. e4 c5 6. d3 Nc6 7. Nbd2 O-O 8. g3
Bd7 9. Bg2 Qb8 10. Nc4 b5 11. Ne3 Ng4 12. Nxg4 Bxb2 13. Nf2 Bc3+ 14. Kf1 Bxa1
15. Qxa1 Bg4 16. h4 Bxf3 17. Bxf3 e5 18. Qc1 f6 19. h5 g5 20. fxg5 fxg5 21.
Qxg5+ Kh8 22. Kg2 Qd8 23. Qe3 Qf6 24. Bd1 Rg8 25. Ng4 Qg5 26. Rf1 Qxe3 27. Nxe3
Raf8 28. Nf5 Rf6 29. Kh3 Nd4 30. c3 Nxf5 31. exf5 h6 32. g4 Kg7 33. Bf3 Rd8 34.
Bd5 Rff8 35. Re1 Kf6 36. Kh4 a5 37. Rg1 b4 38. cxb4 axb4 39. g5+ hxg5+ 40. Rxg5
Rh8 41. Kg4 Rh6 42. Kh4 Rdh8 43. Bf3 R8h7 44. Rg1 Ra7 45. Rg2 Kxf5 46. Bg4+ Kf4
47. Rg3 e4 48. dxe4 Kxe4 49. Kg5 Rh8 50. Bf5+ Ke5 51. Re3+ Kd4 52. Re2 d5 53.
h6 c4 54. bxc4 dxc4 55. Rd2+ 1/2-1/2

[Event "4NCL Division 2a"]
[Site "Daventry, ENG"]
[Date "2020.02.08"]
[Round "5.48"]
[White "Walsh, Marcus"]
[Black "Moreby, Kurt"]
[Result "1/2-1/2"]
[WhiteElo "2005"]
[BlackElo "1628"]
[PlyCount "56"]
[EventDate "2020.02.08"]
[WhiteTeam "The ADs"]
[BlackTeam "North East England"]

1. e4 e6 2. d4 d5 3. Nc3 Nf6 4. Bg5 Be7 5. e5 Nfd7 6. h4 h6 7. Bxe7 Qxe7 8. Nb5
Nb6 9. f4 a6 10. Nc3 c5 11. Nf3 Nc6 12. Qd2 Bd7 13. Rd1 O-O 14. dxc5 Qxc5 15.
Nd4 Nc4 16. Bxc4 Qxc4 17. Nxc6 Bxc6 18. Qd4 Qxd4 19. Rxd4 h5 20. Rh3 g6 21. Re3
Rac8 22. g3 Rc7 23. Rd2 Rfc8 24. Ne2 Kf8 25. Nd4 Be8 26. Kd1 Ke7 27. Red3 Rc5
28. c3 Ra5 1/2-1/2

[Event "4NCL Division 2a"]
[Site "Daventry, ENG"]
[Date "2020.02.09"]
[Round "6.11"]
[White "Rudd, Jack"]
[Black "Cumming, Rhys"]
[Result "1/2-1/2"]
[WhiteElo "2331"]
[BlackElo "2289"]
[PlyCount "53"]
[EventDate "2020.02.09"]
[WhiteTeam "West is Best 1"]
[BlackTeam "Sussex Martlets 1"]

1. d4 Nf6 2. c4 g6 3. Nc3 d5 4. Nf3 Bg7 5. Qb3 dxc4 6. Qxc4 O-O 7. e4 a6 8. Bf4
b5 9. Qxc7 Qxc7 10. Bxc7 Bb7 11. e5 Nd5 12. Nxd5 Bxd5 13. Bd3 Nc6 14. Bb6 Rfc8
15. Bc5 Nxe5 16. Nxe5 Bxe5 17. O-O Bg7 18. a4 e5 19. axb5 exd4 20. b4 axb5 21.
Bxb5 Be4 22. Rad1 Rab8 23. Bd3 Bc6 24. Rfe1 Bf8 25. Bc4 Bxc5 26. bxc5 Bb5 27.
Bxb5 1/2-1/2

[Event "4NCL Division 2a"]
[Site "Daventry, ENG"]
[Date "2020.02.09"]
[Round "6.12"]
[White "Miller, Dominic"]
[Black "Jones, Steven A"]
[Result "1/2-1/2"]
[WhiteElo "2252"]
[BlackElo "2227"]
[PlyCount "36"]
[EventDate "2020.02.09"]
[WhiteTeam "Sussex Martlets 1"]
[BlackTeam "West is Best 1"]

1. e4 e5 2. Nf3 Nc6 3. Bb5 a6 4. Ba4 Nf6 5. O-O Be7 6. Re1 b5 7. Bb3 d6 8. c3
O-O 9. h3 Na5 10. Bc2 c5 11. d4 Nd7 12. a4 Rb8 13. Nbd2 exd4 14. cxd4 Nc6 15.
axb5 axb5 16. dxc5 Nxc5 17. Nb3 Qc7 18. Nxc5 dxc5 1/2-1/2

[Event "4NCL Division 2a"]
[Site "Daventry, ENG"]
[Date "2020.02.09"]
[Round "6.13"]
[White "Redmond, John P."]
[Black "Grant, David J"]
[Result "1/2-1/2"]
[WhiteElo "2194"]
[BlackElo "2222"]
[PlyCount "53"]
[EventDate "2020.02.09"]
[WhiteTeam "West is Best 1"]
[BlackTeam "Sussex Martlets 1"]

1. Nf3 Nf6 2. c4 g6 3. b3 Bg7 4. Bb2 O-O 5. g3 d6 6. d4 Nc6 7. d5 Na5 8. Nbd2
c5 9. a3 b5 10. cxb5 Nxd5 11. Bxg7 Kxg7 12. b4 cxb4 13. axb4 Nb7 14. Qb3 Be6
15. Nd4 Qb6 16. e3 Nc7 17. Qb2 Kg8 18. Be2 d5 19. O-O Nd6 20. Rfc1 Bd7 21. Nc6
Rfe8 22. Nb3 Ndxb5 23. Ne5 Red8 24. Na5 Be8 25. Nec6 Rd6 26. Ne5 f6 27. Nd3
1/2-1/2

[Event "4NCL Division 2a"]
[Site "Daventry, ENG"]
[Date "2020.02.09"]
[Round "6.14"]
[White "Brewer, Callum D"]
[Black "Blackburn, Jonathan L B"]
[Result "1/2-1/2"]
[WhiteElo "2230"]
[BlackElo "2242"]
[PlyCount "61"]
[EventDate "2020.02.09"]
[WhiteTeam "Sussex Martlets 1"]
[BlackTeam "West is Best 1"]

1. e4 e6 2. d4 d5 3. Nd2 Nf6 4. e5 Nfd7 5. c3 c5 6. Bd3 Nc6 7. Ne2 cxd4 8. cxd4
f6 9. exf6 Nxf6 10. Nf3 Bd6 11. O-O Qc7 12. h3 O-O 13. Be3 h6 14. Rc1 g5 15.
Ne5 Bxe5 16. dxe5 Qxe5 17. Bc5 Bd7 18. f4 gxf4 19. Nxf4 Rf7 20. Rf3 b6 21. Ng6
Qh5 22. g4 Nxg4 23. Rxf7 Qxh3 24. Qf3 Qxf3 25. Rxf3 bxc5 26. Rg3 h5 27. Nf4 Kf8
28. Nxh5 Nge5 29. Rg7 Be8 30. Rf1+ Bf7 31. Bg6 1/2-1/2

[Event "4NCL Division 2a"]
[Site "Daventry, ENG"]
[Date "2020.02.09"]
[Round "6.15"]
[White "Cooper, John G"]
[Black "Graham, David B"]
[Result "1-0"]
[WhiteElo "2236"]
[BlackElo "2260"]
[PlyCount "67"]
[EventDate "2020.02.09"]
[WhiteTeam "West is Best 1"]
[BlackTeam "Sussex Martlets 1"]

1. c4 g6 2. g3 Bg7 3. Bg2 d6 4. Nc3 Nf6 5. Nf3 O-O 6. O-O Nc6 7. d4 Nd7 8. b3
e5 9. dxe5 Ndxe5 10. Nxe5 Nxe5 11. Bb2 Bg4 12. h3 Bd7 13. Qd2 Bc6 14. Nd5 a5
15. Rac1 Nd7 16. Bxg7 Kxg7 17. a3 f6 18. b4 axb4 19. axb4 Bxd5 20. cxd5 Rf7 21.
e4 Nb6 22. Rc2 Ra4 23. Rfc1 Na8 24. h4 Re7 25. Ra2 Qe8 26. Rxa4 Qxa4 27. Qd4
Qd7 28. Kh2 Qb5 29. g4 Qb6 30. Qb2 Kg8 31. Ra1 Re8 32. Qxf6 Qxb4 33. h5 Rf8 34.
Rxa8 1-0

[Event "4NCL Division 2a"]
[Site "Daventry, ENG"]
[Date "2020.02.09"]
[Round "6.16"]
[White "Willson, Ollie"]
[Black "Phillips, Roy"]
[Result "0-1"]
[WhiteElo "2147"]
[BlackElo "2176"]
[PlyCount "110"]
[EventDate "2020.02.09"]
[WhiteTeam "Sussex Martlets 1"]
[BlackTeam "West is Best 1"]

1. d4 d6 2. c4 e5 3. e3 Nf6 4. Nc3 Nbd7 5. Nf3 Be7 6. Be2 O-O 7. O-O a5 8. b3
c6 9. Qc2 Re8 10. Bb2 Qc7 11. Na4 b6 12. Rfd1 Bf8 13. Rac1 Bb7 14. Nc3 Rac8 15.
Bf1 Qb8 16. Ng5 h6 17. Nge4 Nxe4 18. Qxe4 Nf6 19. Qh4 e4 20. Qf4 Rc7 21. h3 Qd8
22. Na4 d5 23. c5 b5 24. Nc3 Bc8 25. Be2 Re6 26. Kf1 Nh7 27. Bh5 f5 28. Ke1 Rf6
29. Kd2 Ng5 30. Kc2 Ne6 31. Qh2 f4 32. Ne2 fxe3 33. fxe3 b4 34. Rf1 Ba6 35. Kd2
Be7 36. Bg4 Nf8 37. Rxf6 Bxf6 38. Nf4 Re7 39. Nh5 Rf7 40. Re1 Bg5 41. g3 a4 42.
h4 Be7 43. Nf4 Qa5 44. Bh5 g6 45. Be2 g5 46. hxg5 hxg5 47. Nh5 axb3 48. axb3
Qa2 49. Kc2 Bd3+ 50. Bxd3 exd3+ 51. Kc1 Qxb3 52. Qd2 Rf3 53. Rd1 Rxe3 54. Rf1
Re2 55. Rxf8+ Kxf8 0-1

[Event "4NCL Division 2a"]
[Site "Daventry, ENG"]
[Date "2020.02.09"]
[Round "6.17"]
[White "Bullen, Alex"]
[Black "Blake, J Morgan"]
[Result "1/2-1/2"]
[WhiteElo "2039"]
[BlackElo "2147"]
[PlyCount "169"]
[EventDate "2020.02.09"]
[WhiteTeam "West is Best 1"]
[BlackTeam "Sussex Martlets 1"]

1. d4 d5 2. Nf3 Nf6 3. c4 e6 4. g3 Be7 5. Bg2 O-O 6. O-O dxc4 7. Qc2 a6 8. a4
Bd7 9. Rd1 Bc6 10. Nc3 Nbd7 11. e4 b5 12. d5 exd5 13. e5 Ng4 14. h3 Ngxe5 15.
Nxe5 Nxe5 16. Nxd5 Bd6 17. Bf4 Qe8 18. Be4 f5 19. Bxe5 fxe4 20. Bxd6 cxd6 21.
Nc7 Qf7 22. Nxa8 Qf3 23. Kh2 Bxa8 24. Rxd6 e3 25. fxe3 Qxe3 26. Rd2 Be4 27. Re2
Rf2+ 28. Rxf2 Bxc2 29. Rxc2 Qb3 30. Rf2 b4 31. Kg2 Qd3 32. a5 h5 33. h4 Kh7 34.
Kh2 Kg6 35. Rc1 Qd5 36. Rfc2 c3 37. bxc3 bxc3 38. Rxc3 Qxa5 39. Rc6+ Kh7 40.
R1c2 g6 41. Rd6 Qb5 42. Ra2 a5 43. Rd4 Kh6 44. Rda4 Qf1 45. Rxa5 Qf3 46. R5a4
Qd5 47. Rf2 Qe5 48. Raf4 Qe3 49. Rf6 Qe5 50. Ra6 Qe4 51. Rb6 Qe3 52. Rfb2 Qf3
53. R6b5 Qf1 54. Rg5 Qf3 55. Rg2 Qf1 56. Re5 Qf3 57. Ree2 Qc6 58. Rgf2 Qd7 59.
Kg2 Qd5+ 60. Rf3 Qc6 61. Kf2 Qc5+ 62. Rfe3 Qf5+ 63. Kg2 Qd5+ 64. Re4 Qc6 65. g4
hxg4 66. Kg3 Qc7+ 67. Kxg4 Qd7+ 68. Re6 Qd4+ 69. R2e4 Qd1+ 70. Kf4 Qc1+ 71. Kf3
Qf1+ 72. Ke3 Qe1+ 73. Kd4 Qb4+ 74. Kd5 Qb5+ 75. Kd6 Qb6+ 76. Ke7 Qc7+ 77. Kf8
Qd8+ 78. Kf7 Qd7+ 79. Re7 Qd5+ 80. R4e6 Qf3+ 81. Kg8 Qa8+ 82. Re8 Qa1 83. R6e7
Qa2+ 84. Re6 Qb2 85. R8e7 1/2-1/2

[Event "4NCL Division 2a"]
[Site "Daventry, ENG"]
[Date "2020.02.09"]
[Round "6.18"]
[White "Graham, Cassie M"]
[Black "Davies, Merlin"]
[Result "1-0"]
[WhiteElo "2087"]
[BlackElo "1529"]
[PlyCount "61"]
[EventDate "2020.02.09"]
[WhiteTeam "Sussex Martlets 1"]
[BlackTeam "West is Best 1"]

1. e4 e5 2. Nf3 f5 3. d4 fxe4 4. Nxe5 Nf6 5. Be2 d6 6. Nc4 Be7 7. Nc3 O-O 8.
Be3 a6 9. a4 Qe8 10. Qd2 Be6 11. h3 Nbd7 12. d5 Bf7 13. a5 Qb8 14. O-O c6 15.
Bg5 Qc7 16. Ne3 c5 17. Nc4 Rae8 18. Rfe1 Bg6 19. Bf4 Ne5 20. Bxe5 dxe5 21. d6
Bxd6 22. Qxd6 Qc8 23. Nb6 Qf5 24. Bc4+ Kh8 25. Qxc5 Bh5 26. Bd5 Nxd5 27. Nbxd5
Qg6 28. Kh2 Qh6 29. Rxe4 Bf3 30. Ree1 Bxd5 31. Nxd5 1-0

[Event "4NCL Division 2a"]
[Site "Daventry, ENG"]
[Date "2020.02.09"]
[Round "6.21"]
[White "Walker, Martin G"]
[Black "Moreby, James"]
[Result "1/2-1/2"]
[WhiteElo "2275"]
[BlackElo "2365"]
[PlyCount "112"]
[EventDate "2020.02.09"]
[WhiteTeam "Anglian Avengers"]
[BlackTeam "North East England"]

1. e4 c5 2. Nf3 d6 3. d4 cxd4 4. Nxd4 Nf6 5. Nc3 a6 6. Be3 Ng4 7. Bg5 h6 8. Bh4
g5 9. Bg3 Bg7 10. Be2 h5 11. h3 h4 12. Bxg4 hxg3 13. Bxc8 gxf2+ 14. Kf1 Qxc8
15. Qd3 Nd7 16. Nd5 e6 17. Nc3 Ne5 18. Qe2 Nc4 19. Qxf2 Qc5 20. Nde2 Ne3+ 21.
Kg1 Nxc2 22. Rc1 Nd4 23. g3 g4 24. Kg2 Nxe2 25. Qxe2 gxh3+ 26. Rxh3 Rxh3 27.
Kxh3 Qg5 28. Rf1 Be5 29. Qf3 Qg7 30. Nd1 Ke7 31. Rg1 Qh6+ 32. Kg2 Rg8 33. Kf1
Rg6 34. Ke2 Rf6 35. Qe3 Qh5+ 36. Kd2 Rf3 37. Qb6 Qh2+ 38. Kc1 Rd3 39. Rf1 Qd2+
40. Kb1 Rf3 41. Qxb7+ Kf8 42. Qxa6 Rxg3 43. Qa8+ Kg7 44. Rh1 Rh3 45. Rg1+ Rg3
46. Rh1 Bf4 47. Qh8+ Kg6 48. Qg8+ Kf6 49. Qd8+ Ke5 50. Nc3 Rxc3 51. bxc3 Qxc3
52. Qh8+ f6 53. Qh5+ Kxe4 54. Qe2+ Qe3 55. Qc4+ Ke5 56. a4 Qb6+ 1/2-1/2

[Event "4NCL Division 2a"]
[Site "Daventry, ENG"]
[Date "2020.02.09"]
[Round "6.22"]
[White "Coathup, Roger H"]
[Black "Lewis, Andrew P"]
[Result "1/2-1/2"]
[WhiteElo "2237"]
[BlackElo "2253"]
[PlyCount "38"]
[EventDate "2020.02.09"]
[WhiteTeam "North East England"]
[BlackTeam "Anglian Avengers"]

1. d4 Nf6 2. c4 g6 3. Nc3 Bg7 4. e4 d6 5. Be2 O-O 6. Bg5 Na6 7. f4 c6 8. Nf3
Nc7 9. Qd2 d5 10. cxd5 cxd5 11. e5 Ne4 12. Qe3 f5 13. O-O b6 14. Rac1 Bb7 15.
Nb5 Ne6 16. Bh4 h6 17. Be1 g5 18. g3 Qd7 19. Bb4 Kh7 1/2-1/2

[Event "4NCL Division 2a"]
[Site "Daventry, ENG"]
[Date "2020.02.09"]
[Round "6.23"]
[White "Moore, Graham J"]
[Black "Taylor, Adam A"]
[Result "0-1"]
[WhiteElo "2254"]
[BlackElo "2282"]
[PlyCount "140"]
[EventDate "2020.02.09"]
[WhiteTeam "Anglian Avengers"]
[BlackTeam "North East England"]

1. e4 c5 2. Nf3 Nc6 3. Bb5 g6 4. Bxc6 dxc6 5. h3 Bg7 6. d3 Nf6 7. O-O Nd7 8.
Nc3 e5 9. Be3 b6 10. Qd2 h6 11. a3 a5 12. Na4 Qe7 13. b4 cxb4 14. axb4 b5 15.
Nc5 a4 16. Ra3 g5 17. Nh2 O-O 18. Nxd7 Qxd7 19. g4 Rd8 20. Kh1 f6 21. Qc3 Qe8
22. Bb6 Rd6 23. Rd1 Be6 24. Nf1 Rc8 25. Bc5 Rd7 26. Ng3 Bf8 27. Nh5 Kf7 28.
Bxf8 Qxf8 29. d4 Qe7 30. d5 Kg6 31. Qf3 Rcd8 32. Rad3 cxd5 33. exd5 Bg8 34.
Qe4+ Kf7 35. Rc3 Kf8 36. Qg6 Bxd5+ 37. Rxd5 Rxd5 38. Qxh6+ Kf7 39. Rf3 R8d6 40.
Qxg5 e4 41. Qg7+ Ke8 42. Qg6+ Kd8 43. Rc3 Re5 44. Ng3 e3 45. Qg8+ Qe8 46. Qxe8+
Rxe8 47. fxe3 Kd7 48. Nf5 Rc8 49. Ra3 Rd1+ 50. Kg2 Rxc2+ 51. Kg3 Rb2 52. h4
Rxb4 53. h5 Rg1+ 54. Kf3 Rgxg4 55. h6 Rg5 56. Rd3+ Ke6 57. e4 Rxf5+ 58. exf5+
Kxf5 59. h7 Rh4 60. Rd5+ Kg6 61. Rxb5 Rxh7 62. Ra5 Rh4 63. Ra8 Rb4 64. Ke3 Rb3+
65. Kf4 Ra3 66. Rg8+ Kf7 67. Rg1 Ra2 68. Kf5 a3 69. Rf1 Rb2 70. Rf3 Rb5+ 0-1

[Event "4NCL Division 2a"]
[Site "Daventry, ENG"]
[Date "2020.02.09"]
[Round "6.24"]
[White "Oswald, Graeme E"]
[Black "Talsma, Paul"]
[Result "1/2-1/2"]
[WhiteElo "2152"]
[BlackElo "2163"]
[PlyCount "36"]
[EventDate "2020.02.09"]
[WhiteTeam "North East England"]
[BlackTeam "Anglian Avengers"]

1. e4 e5 2. Nf3 Nf6 3. Nxe5 d6 4. Nf3 Nxe4 5. d4 d5 6. Bd3 Nc6 7. O-O Bg4 8.
Re1 Be7 9. c4 Nf6 10. cxd5 Bxf3 11. Qxf3 Qxd5 12. Qxd5 Nxd5 13. Be4 O-O-O 14.
Nc3 Bb4 15. Bxd5 Rxd5 16. Nxd5 Bxe1 17. Be3 Ba5 18. Rd1 Rd8 1/2-1/2

[Event "4NCL Division 2a"]
[Site "Daventry, ENG"]
[Date "2020.02.09"]
[Round "6.25"]
[White "Myall, Ivan J"]
[Black "Dunn, Andrew"]
[Result "1/2-1/2"]
[WhiteElo "2050"]
[BlackElo "2110"]
[PlyCount "47"]
[EventDate "2020.02.09"]
[WhiteTeam "Anglian Avengers"]
[BlackTeam "North East England"]

1. e4 c6 2. d4 d5 3. exd5 cxd5 4. Bd3 Nc6 5. c3 Qc7 6. Ne2 Bg4 7. O-O e6 8. Qe1
Bd6 9. f3 Bh5 10. Qh4 Bg6 11. Bxg6 fxg6 12. Bf4 Nf6 13. Na3 a6 14. Bxd6 Qxd6
15. Rae1 O-O 16. Nf4 e5 17. dxe5 Nxe5 18. Re2 Rae8 19. Kh1 Nc4 20. Rxe8 Rxe8
21. Nxc4 dxc4 22. Nh3 h5 23. Re1 Rd8 24. Re2 1/2-1/2

[Event "4NCL Division 2a"]
[Site "Daventry, ENG"]
[Date "2020.02.09"]
[Round "6.26"]
[White "Henderson, David"]
[Black "Sheerin, Alex"]
[Result "1/2-1/2"]
[WhiteElo "2087"]
[BlackElo "1990"]
[PlyCount "88"]
[EventDate "2020.02.09"]
[WhiteTeam "North East England"]
[BlackTeam "Anglian Avengers"]

1. e4 c5 2. c3 d5 3. exd5 Qxd5 4. d4 Nf6 5. Nf3 Bg4 6. Be2 e6 7. h3 Bh5 8. O-O
Nc6 9. Be3 cxd4 10. cxd4 Be7 11. Nc3 Qd6 12. a3 O-O 13. Qb3 a6 14. Rfd1 Rfd8
15. Na4 Nd5 16. Nc5 Rdb8 17. Ne4 Na5 18. Qa2 Qb6 19. b4 Nc6 20. Qb2 Rc8 21.
Rac1 Nxe3 22. fxe3 e5 23. Nxe5 Bxe2 24. Nxc6 Rxc6 25. Qxe2 Re6 26. Nc5 Bxc5 27.
bxc5 Qb3 28. Rd3 Qd5 29. Qf3 Re4 30. Rdc3 Rc8 31. c6 bxc6 32. Rc5 Qe6 33. d5
Qe8 34. Kf2 h6 35. R1c3 Re5 36. dxc6 Re6 37. c7 Qd7 38. Kg1 Re7 39. Qc6 Rxc7
40. Qxc7 Qd1+ 41. Kh2 Rxc7 42. Rxc7 Qd6+ 43. Kg1 Qd1+ 44. Kf2 Qd2+ 1/2-1/2